000 01022nam a2200253Ia 4500
003 OSt
005 20220923225213.0
006 a|||||r|||| 00| 0
007 ta
008 220922b |||||||| |||| 00| 0 hin d
024 _a260,056
037 _cTextual
040 _aARTS
_cARTS
_bhin
041 _2hin
_ahin
082 _aQ3jM73, 152L3
100 _aशहा, वालचंद देवचंद, सम्पा; दोशी, मोतीलाल मलुकचंद, सम्पा
_9168495
245 0 _aशांतिसागर स्मृतिग्रंथ
246 _aShāantisāgar smṛutigrantha
260 _aमुंबई
_b श्री बालचंद देवचंद शहा
_c1973
300 _a359पृ.
_ccm.
650 _aधर्म
942 _hQ3jM73, 152L3
_cTEXL
_2CC
999 _c376709
_d376709